000 00818nam a2200229 i 4500
001 139372
003 ES-MaACL
005 20250715193709.0
007 t|
008 070214m19701982sp r ||||1| spa d
100 1 _aSartre, Jean-Paul,
_d1905-1980
_9103897
245 1 0 _aObras completas /
_cJean-Paul Sartre ; prólogo de Juan Martín Ruiz-Warner ; traducción de Alfonso Sastre [y otros].
260 _aMadrid :
_bAguilar,
_c1970-1982.
300 _a2 v. ;
_c19 cm.
490 1 _aBiblioteca de autores modernos
505 8 _aI. Teatro. 1096 p. -- III. Filosofía
700 0 _aMartín Ruiz-Werner, Juan.
_977640
700 1 _aSastre, Alfonso,
_d1926-
_9103915
830 0 _aBiblioteca de autores modernos
_9180767
852 _aES-MaACL
_jP-86
_q.- Falta tomo II: novelas
999 _c139372
_d139372